Una Aproximación a la prehistoria de Mallorca / por Guillermo Rosselló Bordoy
Descripción Física:
p. 137-163 : il. ; 27 cm
Colección:
Monografías ; 23
Materias:
Prehistòria -- Mallorca
MARC
| LEADER | 00000nam a2200000Ia 4500 | ||
|---|---|---|---|
| 001 | 7782 | ||
| 008 | 160829s1963 xx 000 0 cat d | ||
| 080 | |a FU-21-14 | ||
| 100 | |a Rosselló Bordoy, Guillem |9 25584 | ||
| 245 | |a Una Aproximación a la prehistoria de Mallorca / por Guillermo Rosselló Bordoy | ||
| 260 | |a Barcelona : |b Diputación de Barcelona. Instituto de Prehistoria y Arqueología, |c 1963 | ||
| 300 | |a p. 137-163 : |b il. ; |c 27 cm | ||
| 490 | |a Monografías ; 23 | ||
| 590 | |a Separata d'Ampurias ; 25 | ||
| 650 | |a Prehistòria |x Mallorca |9 25585 | ||
| 710 | 2 | |a Instituto de Prehistoria y Arqueología (Barcelona, Catalunya) |9 54255 | |
| 901 | |a Arxiu | ||
| 942 | |n 1 |2 udc | ||
| 952 | |0 0 |1 0 |4 0 |6 FU2114 |7 1 |9 43686 |a Arxiu |b Arxiu |d 2016-12-01 |l 0 |o FU-21-14 |p 7782 |r 2016-12-01 00:00:00 |w 2016-12-01 |y ARXIU | ||
| 999 | |c 46234 |d 46234 | ||